Statystyki dla Wszystkie piosenki - Qry

Kliknij tutaj aby rozwiązać quiz!

Ogólne statystyki

  • Ten quiz został rozwiązany 65 razy
    (40 od ostatniego zresetowania)
  • Średni wynik to 26 z 61

Statystyki odpowiedzi

HintOdpowiedź% Poprawnych
Afryka (z Przemek.pro & Bartek Kubicki)Afryka
85%
Afryka (z Przemek.pro & Bartek Kubicki)Fatamorgana
81%
Afryka (z Przemek.pro & Bartek Kubicki)Fatamorgana - Remix
81%
DESZCZ EPDeszcz
78%
Afryka (z Przemek.pro & Bartek Kubicki)Obywatel Świata
74%
Afryka (z Przemek.pro & Bartek Kubicki)Zobacz Mamo
74%
Dzieci w samochodachBierz do buzi
70%
Afryka (z Przemek.pro & Bartek Kubicki)Mały Wóz (feat. FRIZ)
67%
Afryka (z Przemek.pro & Bartek Kubicki)Akropol
63%
Dzieci w samochodachDzieci w samochodach
63%
Afryka (z Przemek.pro & Bartek Kubicki)Jestem już blisko
56%
Afryka (z Przemek.pro & Bartek Kubicki)Dla Fanek Vanilii
48%
Afryka (z Przemek.pro & Bartek Kubicki)Fan
48%
Dzieci w samochodachMały ale wariat (feat. Mini Majk)
48%
Dzieci w samochodachGBS
44%
Resoraki (z ZetHa)Lotnisko
44%
Droga SnówMapy
44%
Afryka (z Przemek.pro & Bartek Kubicki)Nie mam planu
44%
Droga SnówPaw
44%
Dzieci w samochodachSłodziak
44%
Dzieci w samochodachBarbie
41%
DESZCZ EPCisza (feat. Hania Sztachańska)
41%
Resoraki (z ZetHa)Gry
41%
Małe Miasto, Wielkie SnyMMWS (feat. Delekta)
41%
Droga SnówMotto (feat. Kizo)
41%
Dzieci w samochodachRobię co chcę
41%
Droga SnówSztuki (feat. ZetHa & Jacuś)
41%
Dzieci w samochodachByłem w Tobie pierwszy
37%
Droga SnówIce
37%
Resoraki (z ZetHa)Kadr
37%
Droga SnówMałolat
37%
Dzieci w samochodachMarionetki
37%
Resoraki (z ZetHa)Medal
37%
Droga SnówMMWS2
37%
Resoraki (z ZetHa)RSO
37%
Dzieci w samochodachSerca nie kupisz (feat. Smolasty)
37%
Resoraki (z ZetHa)Tylko raz
37%
DESZCZ EPCap Cap (Burza)
33%
Małe Miasto, Wielkie SnyChory
33%
Dzieci w samochodachCreepy
33%
Droga SnówCzas dla was (feat. Trill Pem & vkie)
33%
Droga SnówDola
33%
Małe Miasto, Wielkie SnyLekcja
33%
Droga SnówMilcz (feat. Olszakumpel)
33%
Dzieci w samochodachMuza
33%
Droga SnówOdnowa
33%
Resoraki (z ZetHa)Peace
33%
Resoraki (z ZetHa)POV
33%
Dzieci w samochodachPowiedz mi to
33%
Małe Miasto, Wielkie SnySzlugi na wietrze
33%
Resoraki (z ZetHa)Za dwóch
33%
Resoraki (z ZetHa)Kosa
30%
Małe Miasto, Wielkie SnyRSPKT
30%
Małe Miasto, Wielkie SnySpadające gwiazdy
30%
Małe Miasto, Wielkie SnyWieje wiatr (feat. ZetHa)
30%
Małe Miasto, Wielkie SnyZejdę z gór
30%
Dzieci w samochodachZnajdę Cię
30%
Małe Miasto, Wielkie SnyZrobię to (feat. Kobik)
30%
Resoraki (z ZetHa)Livin' My Life
26%
Małe Miasto, Wielkie SnyNie mam pytań
26%
Dzieci w samochodachNirvana (feat. Borixon)
26%

Rozkład punktacji

Percentyl według liczby udzielonych odpowiedzi

Procent ludzi z każdym wynikiem

Twoja historia wyników

Nie rozwiązałeś tego quizu od ostatniego zresetowania